Aporte de organizaciones campesinas e indígenas al desarrollo local: 34 experiencias /

में बचाया:
ग्रंथसूची विवरण
मुख्य लेखक: Reygadas, Rafael
अन्य लेखक: Soto, Maricela
स्वरूप: मूलपाठ
टैग: टैग जोड़ें
कोई टैग नहीं, इस रिकॉर्ड को टैग करने वाले पहले व्यक्ति बनें!

MARC

LEADER 00000 a a2200000 04500
001 9069
003
040
100 |a Reygadas, Rafael  
245 |a Aporte de organizaciones campesinas e indígenas al desarrollo local:   |b 34 experiencias /  |c Rafael Reygadas 
700 |a Soto, Maricela  
773 |g número 23; páginas 56-64  
999 |c 27084  |d 27084